Conflicting generations: five television plays
שמור ב:
| מחבר ראשי: | |
|---|---|
| פורמט: | ספר |
| שפה: | אנגלית |
| יצא לאור: |
Londres
Longman
1968
|
| סדרה: | Longman Imprint Books
|
| נושאים: | |
| תגים: |
הוספת תג
אין תגיות, היה/י הראשונ/ה לתייג את הרשומה!
|
MARC
| LEADER | 00000nam a2200000 a 4500 | ||
|---|---|---|---|
| 001 | UCQ3306 | ||
| 003 | CL-VaPUC | ||
| 008 | 980817e19680000UK |||||||||||||||||eng|d | ||
| 082 | 0 | 4 | |a 791.457 |b MAR |2 21 |
| 100 | |a Marland, Michael |e autor |9 418554 | ||
| 245 | 1 | 0 | |a Conflicting generations: five television plays |
| 300 | |a 219 p | ||
| 942 | |c BK | ||
| 945 | |d 19980817 00:00:00 |a crobeson | ||
| 260 | |a Londres |b Longman |c 1968 | ||
| 650 | 0 | |a Programas de televisión |9 335092 | |
| 650 | 7 | |a CONFLICTO INTERPERSONAL |2 CL-VaPUC |9 324589 | |
| 650 | 7 | |a TELEVISION EDUCATIVA |2 CL-VaPUC |9 310717 | |
| 650 | 0 | |a Artes escénicas |9 318853 | |
| 583 | |a last modification |c 19980817 00:00:00 |k Rodrigo Vera | ||
| 490 | 0 | |a Longman Imprint Books | |
| 999 | |c 273899 |d 273897 | ||
| 952 | |0 0 |1 0 |4 0 |6 791_457000000000000_MAR_1968 |7 0 |8 A |9 309856 |a BIBEDU |b BIBEDU |d 2019-11-20 |i 145532K |o 791.457 MAR 1968 |p 145532K |r 2019-11-20 |w 2019-11-20 |y BK |k LIT | ||